| 000 | 00520nam a22001697a 4500 | ||
|---|---|---|---|
| 005 | 20260218130513.0 | ||
| 008 | 260218b |||||||| |||| 00| 0 eng d | ||
| 020 | _a9789387791404 | ||
| 040 | _cVITAP | ||
| 082 |
_223rd Ed. _a170.44 HIN |
||
| 100 |
_aThe Hindu Group _917059 |
||
| 245 |
_aThe Happiness Within _c/ The Hindu Group |
||
| 260 |
_aChennai _bTHG (The Hindu Group) Publishing Private Limited _c2025 |
||
| 300 | _a184p. : ill. ; 21cm | ||
| 650 | 0 |
_aHappiness; Sprituality; Self- Help _917096 |
|
| 942 |
_2ddc _cREF |
||
| 999 |
_c47278 _d47278 |
||